LIBRARY & INFORMATION CENTRE, KCAET, TAVANUR

ONLINE PUBLIC ACCESS CATALOGUE (OPAC)

Standard and Direct costing / (Record no. 774)

MARC details
000 -LEADER
fixed length control field 00429cam a2200169ua 4500
041 ## - LANGUAGE CODE
Language code of text/sound track or separate title eng
082 ## - DEWEY DECIMAL CLASSIFICATION NUMBER
Classification number 657.42
Item number GIL/ST
100 ## - MAIN ENTRY--AUTHOR NAME
Personal name Gillesple, Cecil .
245 ## - TITLE STATEMENT
Title Standard and Direct costing /
260 ## - PUBLICATION, DISTRIBUTION, ETC. (IMPRINT)
Place of publication New Delhi :
Name of publisher Prentice Hall of India ltd ,
Year of publication 1965.
300 ## - PHYSICAL DESCRIPTION
Number of Pages 337 ; .
942 ## - ADDED ENTRY ELEMENTS (KOHA)
Koha item type Books
Holdings
Withdrawn status Lost status Damaged status Home library Current library Date acquired Full call number Accession Number Koha item type
      KAUAET KAUAET 07/04/2012 657.42 10812 Books
free website counter